Chemical process principles (Record no. 19036)

000 -LEADER
fixed length control field 00586nam a22002171 4500
001 - CONTROL NUMBER
control field 19036
003 - CONTROL NUMBER IDENTIFIER
control field BD-DhUET
008 - FIXED-LENGTH DATA ELEMENTS--GENERAL INFORMATION
fixed length control field 840614m19549999nyua 000 0 eng
040 ## - CATALOGING SOURCE
Original cataloging agency DLC
Transcribing agency DLC
Modifying agency BD-DhUET
082 00 - DEWEY DECIMAL CLASSIFICATION NUMBER
Classification number 660.284
Item number HOU/1960
100 1# - MAIN ENTRY--PERSONAL NAME
Personal name Hougen, Olaf A.
245 10 - TITLE STATEMENT
Title Chemical process principles
250 ## - EDITION STATEMENT
Edition statement 2nd ed.
260 ## - PUBLICATION, DISTRIBUTION, ETC. (IMPRINT)
Place of publication, distribution, etc. New York
Name of publisher, distributor, etc. John Wiley & Sons
Date of publication, distribution, etc. 1959
300 ## - PHYSICAL DESCRIPTION
Extent xviii, (505-1072)p.
Other physical details illus
Dimensions 24 cm.
500 ## - GENERAL NOTE
General note Part- II, Thermodynamics
650 #0 - SUBJECT ADDED ENTRY--TOPICAL TERM
Topical term or geographic name as entry element Chemical engineering
700 ## - ADDED ENTRY--PERSONAL NAME
Personal name Watson, Kenneth M.
700 ## - ADDED ENTRY--PERSONAL NAME
Personal name Ragatz, Roland A.
942 ## - ADDED ENTRY ELEMENTS (KOHA)
Koha item type General Book
Holdings
Shelving location Piece designation (barcode) Copy number Koha item type Withdrawn status Not for loan Price effective from Sublocation or collection (holding branch) Koha date last seen Damaged status Date acquired Source of classification or shelving scheme Lost status Location (home branch) Koha normalized classification for sorting Koha full call number
Circulation section174881General Book  2015-04-02Central Library, BUET2015-04-02 2015-04-02  Central Library, BUET660_280000000000000_HOU_1959660.28/HOU/1959
Circulation section113602General Book  2015-05-11Central Library, BUET2015-05-11 2015-05-11  Central Library, BUET660_280000000000000_HOU_1959660.28/HOU/1959
Circulation section10443General Book  2015-05-12Central Library, BUET2015-05-12 2015-05-12  Central Library, BUET660_284000000000000_HOU_1960660.284/HOU/1960
Circulation section5104General Book  2015-05-12Central Library, BUET2015-05-12 2015-05-12  Central Library, BUET660_284000000000000_HOU_1960660.284/HOU/1960
Circulation section5115General Book  2015-05-18Central Library, BUET2015-05-18 2015-05-18  Central Library, BUET660_284000000000000_HOU_1960660.284/HOU/1960
Circulation section10456General Book  2015-05-18Central Library, BUET2015-05-18 2015-05-18  Central Library, BUET660_284000000000000_HOU_1960660.284/HOU/1960
Reading section113597Reading Item  2015-06-20Central Library, BUET2015-06-20 2015-06-20  Central Library, BUET660_280000000000000_HOU_1969660.28/HOU/1969